Portimão (Registo nº 1733)

Detalhes MARC
000 -Etiqueta do registo
Cabeçalho 00854nam a22002771 4500
005 - Identificador da versão
Campo de controlo 20240813121915.0
021 ## - Número do Depósito Legal
Código do país PT
Número 217533/04
100 ## - Dados gerais de processamento
Dados gerais de processamento 20070430d2004 damd0pory5003 ba
102 ## - Pais de publicação ou produção
País de publicação Portugal
101 0# - Língua de publicação
Língua do texto, banda sonora, etc. Português
106 ## - Campo de dados codificados: material textual
Dados codificados do material textual r
105 ## - Campo de dados codificados: livros
Dados codificados dos livros a t 000zy
215 ## - Descrição física 
Indicação específica da natureza do documento e extensão da espécie 80 p.
Outras indicações físicas todo il.
Dimensões 31 cm
200 1# - Titulo e menção de responsabilidade
Título próprio Portimão
Informação de outro título seus varões e sua história
Primeira menção de responsabilidade texto e il. Júlio Amaro
210 ## - Publicação, Distribuição, etc. 
Lugar da edição, distribuição, etc. [Portimão]
Nome do editor, distribuidor, etc. Júlio Amaro
Data da publicação, distribuição, etc. 2004
Lugar da impressão Portimão
300 ## - Notas gerais 
Texto da nota Edição feita para a Câmara Municipal de Portimão
606 ## - Nome comum usado como assunto
Número de registo de entrada de autoridade 0000219
Palavra de ordem Literatura portuguesa
Subdivisão de assunto Banda desenhada
Número de registo de entrada de autoridade 0000220
Palavra de ordem História local
Subdivisão geográfica Portimão [Portugal]
675 ## - Classificação Decimal Universal (CDU)
Notação 821.134.3-9
Edição
Língua da edição por
700 #1 - Nome de autor-pessoa física (responsabilidade principal)
Número de registo de entrada de autoridade 0000222
Palavra de ordem Amaro
Outra parte do nome não tomada para palavra de ordem Júlio
Datas 1931-2007
942 ## - Elementos de entrada adicionados (Koha)
Tipo de item no Koha Livro
Exemplares
Situação do levantamento Origin of item (home branch) (coded) Biblioteca de empréstimo Código de barras Cota Circulation type (not for loan) Tipo de documento Nota do exemplar Damaged status
  Biblioteca Escolar da Coca Maravilhas Biblioteca Escolar da Coca Maravilhas BECM7420/06 8BD AMA   Livro Sem mensagem  
  Biblioteca Escolar da Coca Maravilhas Biblioteca Escolar da Coca Maravilhas BECM9100 FL POR   Cativo Sem mensagem  
  Biblioteca Escolar da Coca Maravilhas Biblioteca Escolar da Coca Maravilhas BECM9101 FL POR   Cativo Sem mensagem